Inheritance Games 1-3 Quiz - Statistics

General Stats
  • This quiz has been taken 301 times
  • The average score is 9 of 15
Answer Stats
Hint Answer % Correct
Who is the main character? Avery Grambs
100%
What color hair does Libby have in the first book? Blue
83%
What is Jamesons nickname for Avery? Heiress
80%
Who does Avery date and is her first kiss? Jameson Hawthorne
77%
Who thought they were going to be the heir? Grayson Hawthorne
73%
Who is Avery's BHFF? Xander Hawthorne
73%
What is the boys moms name? Skye Hawthorne
69%
Who died before the books and also dated Jameson and Greyson? Emily Laughlin
68%
Who is the billionaire that left Avery his whole fortune? Tobias Hawthorne
64%
Who is Toby's daughter and the most annoying character in the book? Evelyn Shane
60%
Who was libby's ex? Drake
52%
What was Tobias Hawthornes wife's name? Alice Hawthorne
32%
Who is Theas uncle? Constantine
29%
What two people tried to kill Avery in the first book? Skye and Drake
27%
How did Skye name her boys? She named them the last names of their fathers
3%
No matching quizzes found
Score Distribution
Percent of People with Each Score
Percentile by Number Answered
Your Score History
You have not taken this quiz